书目信息 |
| 题名: |
网络渗流
|
|
| 作者: | 刘润然 , 李明 , 吕琳媛 , 贾春晓 编著 | |
| 分册: | ||
| 出版信息: | 北京 高等教育出版社 2020.12 |
|
| 页数: | 306页 | |
| 开本: | 24cm | |
| 丛书名: | 网络科学与工程丛书 | |
| 单 册: | ||
| 中图分类: | O357.3 | |
| 科图分类: | ||
| 主题词: | 渗流模型--shen liu mo xing--研究 | |
| 电子资源: | ||
| ISBN: | 978-7-04-053794-9 | |
| 000 | 01288nam 2200337 450 | |
| 001 | CAL 010354819 | |
| 005 | 20210412084004.1 | |
| 010 | @a978-7-04-053794-9@dCNY99.00 | |
| 100 | @a20210408d2020 em y0chiy0120 ea | |
| 101 | 0 | @achi |
| 102 | @aCN@b110000 | |
| 105 | @aac a 001yy | |
| 106 | @ar | |
| 200 | 1 | @a网络渗流@Awang luo shen liu@d= Network percolation@f刘润然 ... [等] 编著@zeng |
| 210 | @a北京@c高等教育出版社@d2020.12 | |
| 215 | @a306页@c图, 肖像@d24cm | |
| 225 | 2 | @a网络科学与工程丛书@Awang luo ke xue yu gong cheng cong shu@v14 |
| 300 | @a国家科学技术学术著作出版基金资助 | |
| 304 | @a题名页题其余责任者: 李明, 吕琳媛, 贾春晓 | |
| 320 | @a有书目和索引 | |
| 330 | @a本书以渗流理论为基础, 结合复杂网络研究中的实际问题, 着重介绍了经典渗流模型在网络科学中的应用和发展, 包括网络鲁棒性、网络社团识别等网络结构问题, 以及级联失效、疾病和信息传播、交通流等动力学问题。 | |
| 410 | 0 | @12001 @a网络科学与工程丛书@v14 |
| 510 | 1 | @aNetwork percolation@zeng |
| 606 | 0 | @a渗流模型@Ashen liu mo xing@x研究 |
| 690 | @aO357.3@v5 | |
| 701 | 0 | @a刘润然@Aliu run ran@4编著 |
| 701 | 0 | @a李明@Ali ming@4编著 |
| 701 | 0 | @a吕琳媛@Alu^ lin yuan@4编著 |
| 701 | 0 | @a贾春晓@Ajia chun xiao@4编著 |
| 801 | 0 | @aCN@b人天书店@c20210408 |
| 905 | @aTSG@b0001419@dO357.3@eL665@f2 | |
| 网络渗流= Network percolation/刘润然 ... [等] 编著.-北京:高等教育出版社,2020.12 |
| 306页:图, 肖像;24cm.-(网络科学与工程丛书;14) |
| 国家科学技术学术著作出版基金资助 |
| ISBN 978-7-04-053794-9:CNY99.00 |
| 本书以渗流理论为基础, 结合复杂网络研究中的实际问题, 着重介绍了经典渗流模型在网络科学中的应用和发展, 包括网络鲁棒性、网络社团识别等网络结构问题, 以及级联失效、疾病和信息传播、交通流等动力学问题。 |
| ● |
| 相关链接 |
|
|
|
正题名:网络渗流
索取号:O357.3/L665
 
预约/预借
| 序号 | 登录号 | 条形码 | 馆藏地/架位号 | 状态 | 备注 |
| 1 | 1536700 | 215367001 | 自科库401/401自科库 53排7列2层/ [索取号:O357.3/L665] | 在馆 | |
| 2 | 1536701 | 215367010 | 自科库401/401自科库 53排7列2层/ [索取号:O357.3/L665] | 在馆 |